Todos os líderes de Vitória da Conquista - Statistics

Estatísticas Gerais
  • Esse quiz foi jogado 8 vezes
  • A pontuação média é 11 de 45
Estatísticas das Respostas
Mandato Líder % Correto
2021-Atual Ana Sheila Lemos
100%
2017-2021 Herzem Gusmão Pereira
80%
2019-2017 Guilherme Menezes
60%
2002-2009 José Raimundo Fontes
60%
1919-1919 Ascendino dos Santos Melo
40%
1920-1921 Ascendino dos Santos Melo
40%
1904-1906 Estêvão José dos Santos
40%
1997-2002 Guilherme Menezes
40%
1906-1908 João Diogo de Sá
40%
1985-1903 José Antônio de Lima
40%
1912-1915 José Fernandes de Oliveira
40%
1963-1964 José Fernandes Pedral
40%
1983-1987 José Fernandes Pedral
40%
1988-1989 José Fernandes Pedral
40%
1993-1997 José Fernandes Pedral
40%
1908-1911 José Maximiliano Fernandes
40%
1928-1930 Otávio José dos Santos
40%
1930-1930 Otávio José dos Santos Silva
40%
1922-1923 Antônio Agripino da Silva
20%
1947-1951 Antonio Pedreira de Oliveira
20%
1930-1930 Bruno Bacelar de Oliveira
20%
1989-1993 Carlos Murilo Pimentel
20%
1967-1971 Fernando Ferreira Spínola
20%
1951-1955 Gerson Gusmão Sales
20%
1959-1963 Gerson Gusmão Sales
20%
1920-1920 Jesulindo Oliveira
20%
1923-1926 Justino da Silva Gusmão
20%
1958-1959 Nelson Gusmão Cunha
20%
1964-1967 Orlando da Silva Leite
20%
1926-1928 Paulino Fernandes dos Santos
20%
1922-1922 Paulino Fonseca
20%
1933-1936 Arlindo Mendes Rodrigues
0%
1931-1933 Deraldo Mendes Ferraz
0%
1955-1959 Edvaldo de Oliveira Flores
0%
1936-1937 Florentino Mendes de Andrade
0%
1919-1919 Francisco da Silva Costa
0%
1987-1988 Hélio Ribeiro Santos
0%
1945-1947 Izalto Ferraz de Araújo
0%
1973-1977 Jadiel Vieira Matos
0%
1892-1895 Joaquim Correia de Melo
0%
1937-1938 Joaquim Fróes de Caires
0%
1916-1919 Leôncio Satyro dos Santos
0%
1971-1973 Nilton Gonçalves
0%
1977-1982 Raul Ferraz
0%
1938-1946 Régis Pacheco
0%
Nenhum quiz correspondente encontrado
Distribuição das Pontuações
Porcentagem de Pessoas com Cada Pontuação
Percentil de Números Respondidos
Sua Pontuação Histórica
Você não jogou esse quiz